Bhārata meṃ ārthika niyojana evaṃ rāshṭrīya āya. (Record no. 69597)

MARC details
000 -LEADER
fixed length control field 00756cam a22002651 4500
001 - CONTROL NUMBER
control field sa 66004786
003 - CONTROL NUMBER IDENTIFIER
control field DLC
005 - DATE AND TIME OF LATEST TRANSACTION
control field 20260227112244.0
008 - FIXED-LENGTH DATA ELEMENTS--GENERAL INFORMATION
fixed length control field 890607s1965 ii b 000 0 hino
010 ## - LIBRARY OF CONGRESS CONTROL NUMBER
LC control number sa 66004786
035 ## - SYSTEM CONTROL NUMBER
System control number (OCoLC)19830594
040 ## - CATALOGING SOURCE
Original cataloging agency DLC
Transcribing agency WaU
Modifying agency DLC
042 ## - AUTHENTICATION CODE
Authentication code premarc
043 ## - GEOGRAPHIC AREA CODE
Geographic area code a-ii---
050 00 - LIBRARY OF CONGRESS CALL NUMBER
Classification number HC435
Item number .M546
100 1# - MAIN ENTRY--PERSONAL NAME
Personal name Mittala, S. C.
245 10 - TITLE STATEMENT
Title Bhārata meṃ ārthika niyojana evaṃ rāshṭrīya āya.
Remainder of title Economic planning & national income in India.
260 ## - PUBLICATION, DISTRIBUTION, ETC.
Date of publication, distribution, etc. [1965]
300 ## - PHYSICAL DESCRIPTION
Extent 133 p.
Dimensions 22 cm.
500 ## - GENERAL NOTE
General note In Hindi.
504 ## - BIBLIOGRAPHY, ETC. NOTE
Bibliography, etc. note Bibliographical footnotes.
651 #0 - SUBJECT ADDED ENTRY--GEOGRAPHIC NAME
Geographic name India
General subdivision Economic policy.
650 #0 - SUBJECT ADDED ENTRY--TOPICAL TERM
Topical term or geographic name entry element Income
Geographic subdivision India.
740 0# - ADDED ENTRY--UNCONTROLLED RELATED/ANALYTICAL TITLE
Uncontrolled related/analytical title Economic planning & national income in India.

No items available.

Powered by Koha